000 01118nab a2200349 ar4500
001 21728
003 VRT
005 20260309104217.0
008 090424c2009 xo |r|p|||||||000 b|slo
015 _aSNBRB2009/04
_2snkbucl
038 _aSNKBUCL
040 _aSNKBUCL
_bslo
_cSNKBUCL
041 0 _aslo
044 _axo
_cSK
080 _a75
_x(048)
_22001
080 _a741
_x(048)
_22001
080 _a741.02
_x(048)
_22001
080 _a316.346.32-053.2-056.45
_x(048)
_22001
100 1 _aVráblová, Timotea,
_d1968-
245 1 0 _aJán Vrabec: Leonarda. Kreslíme a maľujeme
_cTimotea Vráblová
650 0 7 _amaľovanie
_2snkbucl
650 0 7 _akreslenie
_2snkbucl
650 0 7 _akresliarske techniky
_2snkbucl
650 0 7 _avýtvarné techniky
_2snkbucl
650 0 7 _atalentované deti
_2snkbucl
655 7 _arecenzie
_2snkbucl
655 7 _apríručky
_2snkbucl
773 0 _tKnižná revue
_gRoč. XIX, č. 4 (2009), s. 4
_x1210-1982
787 0 8 _iRec.:
_aVrabec, Ján
_tLeonarda : kreslíme a maľujeme
_dŽilina : Knižné centrum, 2008
_z9788080643218
942 _2ddc
_cOLDE
_n0
999 _c21728
_d21728